000 00613nam a2200205Ia 4500
005 20221206113736.0
008 210716s2007 xx 000 0 und d
020 _a8177584227
040 _cAIMIT LIBRARY
041 _aeng
082 _a005.13 SETR
100 _aSethi, Ravi.
_964782
245 _aProgramming language:
_bconcepts and constructs /
_cBy Ravi Sethi.
250 _a2nd ed.
260 _aNew Delhi :
_bPearson Education ,
_c2007.
300 _axiv,481p. ;
_bPB
_c24 cm
650 _aProgramming Languages.
_964783
700 _aViswanatha, K V.
_964793
942 _2ddc
_cBK
_e2nd ed.
_k005.13 SETR
999 _c187953
_d187953